Tārīkh-I Gujarat : / تاریخ گجرات (Record no. 30267)

MARC details
000 -LEADER
fixed length control field 00496nam a22001817a 4500
003 - CONTROL NUMBER IDENTIFIER
control field BDDh-ASL
005 - DATE AND TIME OF LATEST TRANSACTION
control field 20231015031126.0
008 - FIXED-LENGTH DATA ELEMENTS--GENERAL INFORMATION
fixed length control field 230204s1909 ii ||||| |||| 00| 0 p d
040 ## - CATALOGING SOURCE
Original cataloging agency BDDh-ASL
Transcribing agency BDDh-ASL
041 ## - LANGUAGE CODE
Language code of text/sound track or separate title per
082 ## - DEWEY DECIMAL CLASSIFICATION NUMBER
Classification number 954
Item number DAT
100 1# - MAIN ENTRY--PERSONAL NAME
Personal name Darwysh, Abi Torab
9 (RLIN) 7140
245 10 - TITLE STATEMENT
Title Tārīkh-I Gujarat : / تاریخ گجرات
260 ## - PUBLICATION, DISTRIBUTION, ETC.
Place of publication, distribution, etc. Kolkata :
Name of publisher, distributor, etc. Asiatic Society of Bengal ,
Date of publication, distribution, etc. 1909.
300 ## - PHYSICAL DESCRIPTION
Extent 124 p. :
Dimensions 23 cm.
650 #0 - SUBJECT ADDED ENTRY--TOPICAL TERM
Topical term or geographic name entry element History
9 (RLIN) 1349
942 ## - ADDED ENTRY ELEMENTS (KOHA)
Source of classification or shelving scheme Dewey Decimal Classification
Koha item type Books
Holdings
Withdrawn status Lost status Source of classification or shelving scheme Damaged status Not for loan Collection code Home library Current library Shelving location Date acquired Source of acquisition Serial Enumeration / chronology Total Checkouts Full call number Barcode Date last seen Copy number Price effective from Koha item type Public note
    Dewey Decimal Classification   Not For Loan Non-fiction Asiatic Society Library Asiatic Society Library General Stacks 02/04/2023 ASB Library Collection P-0258   954 DAT 118640 02/04/2023 C-1 02/04/2023 Books Y-1909

Powered by Koha